Implementación de sistema de nomina electrónica : (Registro nro. 49077)
[ vista simple ]
| 000 -LEADER | |
|---|---|
| fixed length control field | 02165nam a2200277 i 4500 |
| 005 - DATE AND TIME OF LATEST TRANSACTION | |
| control field | 20250626211118.0 |
| 007 - PHYSICAL DESCRIPTION FIXED FIELD--GENERAL INFORMATION | |
| fixed length control field | ta |
| 008 - FIXED-LENGTH DATA ELEMENTS--GENERAL INFORMATION | |
| fixed length control field | 200622s2025 000 0 eng d |
| 040 ## - CATALOGING SOURCE | |
| Original cataloging agency | CO-CtgCURN |
| Language of cataloging | spa |
| Transcribing agency | coctgcurn |
| Description conventions | rda |
| 082 0# - DEWEY DECIMAL CLASSIFICATION NUMBER | |
| Classification number | COP 2025 |
| Item number | B178 |
| 100 1# - MAIN ENTRY--PERSONAL NAME | |
| Personal name | Baldovino Bohorquez, Yesenia Isabel , |
| Relator term | author. |
| Relationship | aut |
| 245 10 - TITLE STATEMENT | |
| Title | Implementación de sistema de nomina electrónica : |
| Remainder of title | evaluación de los beneficios y desafíos en la empresa comercializadora de servicios de Bolívar s.a.s / |
| Statement of responsibility, etc. | Yesenia Isabel Baldovino Bohorquez; Esneda Sánchez Arcila; Director: Jesús David Castillo Peñate. |
| 260 ## - PUBLICATION, DISTRIBUTION, ETC. | |
| Place of publication, distribution, etc. | Cartagena de Indias : |
| Name of publisher, distributor, etc. | Corporación Universitaria Rafael Núñez, |
| Date of publication, distribution, etc. | 2025. |
| 300 ## - PHYSICAL DESCRIPTION | |
| Extent | 21 hojas. |
| 336 ## - CONTENT TYPE | |
| Content type term | text |
| Content type code | txt |
| Source | rdacontent |
| 337 ## - MEDIA TYPE | |
| Media type term | unmediated |
| Media type code | n |
| Source | rdamedia |
| 338 ## - CARRIER TYPE | |
| Carrier type term | volume |
| Carrier type code | nc |
| Source | rdacarrier |
| 502 ## - DISSERTATION NOTE | |
| Dissertation note | Trabajo de grado (Contador público). Corporación Universitaria Rafael Núñez. Facultad de Ciencias Administrativas y Contables. Programa de Contaduría Pública, 2025. |
| 520 8# - SUMMARY, ETC. | |
| Summary, etc. | "El presente trabajo pretende mostrar la importancia que tiene la nómina electrónica en el ámbito empresarial ya que es un avance significativo en la modernización de los procesos administrativos y fiscales en el ámbito laboral. En vez de emplear documentos físicos para documentar y distribuir los pagos a los trabajadores, la nómina electrónica emplea tecnología digital para generar, validar y almacenar la información relacionada con los salarios, deducciones y aportes de los trabajadores. Esta modalidad busca optimizar los procesos laborales, garantizar el cumplimiento de las obligaciones tributarias y fiscales, y reducir los costos operativos en las empresas." |
| 650 #0 - SUBJECT ADDED ENTRY--TOPICAL TERM | |
| Topical term or geographic name entry element | Contaduría pública |
| General subdivision | Tesis y disertaciones académicas. |
| 700 1# - ADDED ENTRY--PERSONAL NAME | |
| Personal name | Sánchez Arcila, Esneda . |
| 700 1# - ADDED ENTRY--PERSONAL NAME | |
| Personal name | Castillo Peñate, Jesús David, |
| Relator term | director. |
| 856 7# - ELECTRONIC LOCATION AND ACCESS | |
| Uniform Resource Identifier | <a href="https://unicurn.sharepoint.com/:b:/s/biblioteca/EWlW4_-00iNFgCfdjWs29I8B2HbTL8YHmhWTkB2RlVnB6w?e=BIbkCh">https://unicurn.sharepoint.com/:b:/s/biblioteca/EWlW4_-00iNFgCfdjWs29I8B2HbTL8YHmhWTkB2RlVnB6w?e=BIbkCh</a> |
| Public note | Click para ver el recurso en texto completo |
| 942 ## - ADDED ENTRY ELEMENTS (KOHA) | |
| Source of classification or shelving scheme | Dewey Decimal Classification |
| Institution code [OBSOLETE] | MHC |
| -- | MHC |
| Koha item type | Trabajos de grado |
| Classification part | COP 2025 |
| Item part | B178 |
| Withdrawn status | Lost status | Source of classification or shelving scheme | Damaged status | Not for loan | Collection | Home library | Current library | Shelving location | Date acquired | Total checkouts | Full call number | Barcode | Date last seen | Price effective from | Koha item type |
|---|---|---|---|---|---|---|---|---|---|---|---|---|---|---|---|
| Dewey Decimal Classification | Trabajos de grado | Miguel Henríquez Castañeda | Miguel Henríquez Castañeda | Trabajo de grado | 06/26/2025 | COP 2025 B178 | 025587 | 06/26/2025 | 06/26/2025 | Trabajos de grado |